Indian Institute of Arbitration & Mediation (Record no. 120213)

MARC details
000 -LEADER
fixed length control field 00858cam a2200217 4500
001 - CONTROL NUMBER
control field WS120433
008 - FIXED-LENGTH DATA ELEMENTS--GENERAL INFORMATION
fixed length control field 021112n 000 0 eng u
035 ## - SYSTEM CONTROL NUMBER
System control number (Sirsi) u120433
110 ## - MAIN ENTRY--CORPORATE NAME
Corporate name or jurisdiction name as entry element Indian Institute of Arbitration & Mediation
245 ## - TITLE STATEMENT
Title Indian Institute of Arbitration & Mediation
520 ## - SUMMARY, ETC.
Summary, etc. Web site for this organisation whcih provides alternative dispute resolution services including pages on ADR, mediation and arbitration. Also includes details of their agreements and forms.
650 ## - SUBJECT ADDED ENTRY--TOPICAL TERM
Topical term or geographic name entry element INDIA
650 ## - SUBJECT ADDED ENTRY--TOPICAL TERM
Topical term or geographic name entry element INTERNATIONAL
650 ## - SUBJECT ADDED ENTRY--TOPICAL TERM
Topical term or geographic name entry element MEDIATION
650 ## - SUBJECT ADDED ENTRY--TOPICAL TERM
Topical term or geographic name entry element CONCILIATION
650 ## - SUBJECT ADDED ENTRY--TOPICAL TERM
Topical term or geographic name entry element ALTERNATIVE DISPUTE RESOLUTION
650 ## - SUBJECT ADDED ENTRY--TOPICAL TERM
Topical term or geographic name entry element ALTERNATIVE DISPUTE RESOLUTION
690 ## - LOCAL SUBJECT ADDED ENTRY--TOPICAL TERM (OCLC, RLIN)
Topical term or geographic name as entry element Dispute resolution
9 (RLIN) 6236
856 40 - ELECTRONIC LOCATION AND ACCESS
Uniform Resource Identifier <a href="https://www.arbitrationindia.com">https://www.arbitrationindia.com</a>
Public note View the website free of charge at www.arbitrationindia.com...
942 ## - ADDED ENTRY ELEMENTS (KOHA)
Suppress in OPAC 0
Holdings
Withdrawn status Lost status Source of classification or shelving scheme Damaged status Not for loan Home library Current library Shelving location Date acquired Total Checkouts Full call number Barcode Date last seen Copy number Price effective from Koha item type
    Dewey Decimal Classification     Virtual Virtual Online 12/11/2002   WEB SITE 120433-2001 06/08/2019 1 06/08/2019 Online material